[Event "Llinars del Valles op-B 7th"]
[Site "Llinars del Valles"]
[Date "2013.05.04"]
[Round "4"]
[White "Lopez Martinez, Angel"]
[Black "Valles Blomecke, Ignasi"]
[Result "1-0"]
[WhiteElo "1548"]
[BlackElo "1639"]
[PlyCount "65"]
[EventDate "2013.04.13"]
[EventType "swiss"]
[EventRounds "7"]
[EventCountry "ESP"]
[SourceTitle "CBM 154 Extra"]
[Source "ChessBase"]
[SourceDate "2013.06.25"]
[SourceVersion "2"]
[SourceVersionDate "2013.06.25"]
[SourceQuality "1"]

1. e4 d6 2. d4 Nf6 3. Nc3 g6 4. Be2 Bg7 5. Be3 0-0 6. Qd2 Ng4 7. Bxg4 Bxg4 8. Bh6 Nc6 9. Bxg7 Kxg7 10. f3 Bc8 11. Nge2 f5 12. h4 fxe4 13. Nxe4 Bf5 14. h5 Bxe4 15. fxe4 Qe8 16. 0-0-0 Qf7 17. hxg6 Qxg6 18. Nf4 Qxe4 19. Rh4 Qf5 20. d5 Nd8 21. Rdh1 Rh8 22. Rh5 Qf6 23. R1h3 b6 24. Rh6 Qe5 25. R6h5 Qf6 26. Rf3 Kg8 27. Ne6 Nxe6 28. Rxf6 exf6 29. dxe6 Kf8 30. Qd4 Ke7 31. Rh6 Raf8 32. Qe4 Ke8 33. Qc6+ 1-0

[Event "Cerdanyola del Valles op 28th"]
[Site "Cerdanyola del Valles"]
[Date "2010.11.13"]
[Round "7"]
[White "Corretja Torrens, Jordi"]
[Black "Valles Blomecke, Ignasi"]
[Result "1-0"]
[WhiteElo "1844"]
[BlackElo "1698"]
[PlyCount "41"]
[EventDate "2010.10.02"]
[EventType "swiss"]
[EventRounds "7"]
[EventCountry "ESP"]
[SourceTitle "EXT 2012"]
[Source "ChessBase"]
[SourceDate "2011.11.24"]
[SourceVersion "1"]
[SourceVersionDate "2011.11.24"]
[SourceQuality "1"]

1. e4 e5 2. Nf3 Nf6 3. Nxe5 d6 4. Nf3 Nxe4 5. d4 d5 6. Bd3 Bd6 7. c4 c6 8. 0-0 0-0 9. cxd5 cxd5 10. Nc3 Re8 11. Re1 Bf5 12. Bxe4 dxe4 13. Ng5 h6 14. Ngxe4 Bxh2+ 15. Kf1 Qh4 16. Nf6+ gxf6 17. Rxe8+ Kg7 18. Qf3 Bg4 19. Bxh6+ Kg6 20. Rg8+ Kh5 21. Qd5+ 1-0

[Event "Cerdanyola del Valles op 28th"]
[Site "Cerdanyola del Valles"]
[Date "2010.10.16"]
[Round "3"]
[White "Valles Blomecke, Ignasi"]
[Black "Serrano Moron, Eloi"]
[Result "1-0"]
[WhiteElo "1698"]
[BlackElo "1526"]
[PlyCount "41"]
[EventDate "2010.10.02"]
[EventType "swiss"]
[EventRounds "7"]
[EventCountry "ESP"]
[SourceTitle "EXT 2012"]
[Source "ChessBase"]
[SourceDate "2011.11.24"]
[SourceVersion "1"]
[SourceVersionDate "2011.11.24"]
[SourceQuality "1"]

1. e4 d5 2. exd5 Qxd5 3. Nc3 Qd8 4. d4 Nf6 5. Nf3 Bg4 6. h3 Bxf3 7. Qxf3 c6 8. Be3 e6 9. Bd3 Nd5 10. Nxd5 cxd5 11. 0-0 Be7 12. c4 Nc6 13. cxd5 Qxd5 14. Be4 Qd6 15. Rfd1 Bf6 16. d5 Ne5 17. Qe2 Qb4 18. Bf4 exd5 19. Rxd5 Qe7 20. Bxe5 Bxe5 21. Qb5+ 1-0

[Event "Llinars del Valles op-A 4th"]
[Site "Llinars del Valles"]
[Date "2010.04.10"]
[Round "1"]
[White "Bals Hernandez, Jordi"]
[Black "Valles Blomecke, Ignasi"]
[Result "1-0"]
[WhiteElo "1984"]
[BlackElo "1728"]
[PlyCount "31"]
[EventDate "2010.04.10"]
[EventType "swiss"]
[EventRounds "7"]
[EventCountry "ESP"]
[SourceTitle "EXT 2012"]
[Source "ChessBase"]
[SourceDate "2011.11.24"]
[SourceVersion "1"]
[SourceVersionDate "2011.11.24"]
[SourceQuality "1"]

1. d4 Nf6 2. Bg5 d6 3. Nc3 Nbd7 4. e4 g6 5. h4 Bg7 6. Qd2 c5 7. Nf3 a6 8. a4 b6 9. Bc4 Qc7 10. 0-0-0 Bb7 11. e5 dxe5 12. dxe5 Ne4 13. Nxe4 Bxe4 14. Qf4 Bf5 15. Bxf7+ Kxf7 16. e6+ 1-0